00420 2200169 4500001002100000005001500021008004100036020001800077035001900095041000700114082001400121090001900135100001600154245004600170260000900216300002500225INLIS00000000000021120241224112132241224||||||||| | ||| |||| || |  a979-760-495-0 0010-1224000211 aid0 a3,340,598 a334.0598 TRI k0 aTriyanto EN00aKoperasi Saka Guru Perekonomian Indonesia c2011 aviii, 64 hlm.; 25 cm